000 00803nam a2200241Ia 4500
003 OSt
005 20221005113116.0
006 a|||||r|||| 00| 0
007 ta
008 221004b |||||||| |||| 00| 0 pan d
020 _a8187654791 (hbk)
_c140
024 _a94659
037 _b211, 31/12/2008, H.K. Prakashan
_cTextual
040 _aCRL
_cCRL
_bpan
041 _2pan
_apan
082 _aU8.1, 153P3
100 _aਹਰਭਜਨ ਹਲਵਾਰਵੀ
245 0 _aਨਿੱਕੇੑਵੱਡੇ ਸਖ਼ਰ
260 _aਦਿੱਲੀ
_bਮਨਪ੍ਰੀਤ ਪ੍ਰਕਾਨ ਭਾਰਤ
_c2003
300 _a125ਪੰ
_ccm.
942 _hU8.1, 153P3
_cTEXL
_2cc
999 _c1027075
_d1027075